000 00693nam a2200241Ia 4500
003 OSt
005 20220926003148.0
006 a|||||r|||| 00| 0
007 ta
008 220923b |||||||| |||| 00| 0 eng d
020 _a978019569704
_c695
037 _cGeneral Book
040 _aRTL
_cRTL
_beng
041 _2eng
_aeng
082 _aX.2, P8
100 _aPANAGARIYA Arvind Au.
_9307008
245 0 _aIndia
_b The emerging giant
260 _a New Delhi
_bOxford University Press
_c2008
300 _axxx,514p
_ccm.
500 _aAppendix: p 455-461; Bibliography: p 484-500
942 _hX.2, P8
_cGB
_2CC
999 _c607160
_d607160